Food and wine pairing : a sensory experience (Record no. 208405)

MARC details
000 -LEADER
fixed length control field 00477nam a2200169Ia 4500
008 - FIXED-LENGTH DATA ELEMENTS--GENERAL INFORMATION
fixed length control field 231221s9999 xx 000 0 und d
020 ## - INTERNATIONAL STANDARD BOOK NUMBER
International Standard Book Number 9780000000000
041 ## - LANGUAGE CODE
Language code of text/sound track or separate title English
082 ## - DEWEY DECIMAL CLASSIFICATION NUMBER
Classification number 641.87 HAR;1 R
100 ## - MAIN ENTRY--PERSONAL NAME
Personal name Harrington, Robert J
245 #0 - TITLE STATEMENT
Title Food and wine pairing : a sensory experience
260 ## - PUBLICATION, DISTRIBUTION, ETC.
Date of publication, distribution, etc. 2008
Name of publisher, distributor, etc. John Wiley
Place of publication, distribution, etc. New Delhi
300 ## - PHYSICAL DESCRIPTION
Extent xiii+322
510 ## - CITATION/REFERENCES NOTE
Name of source Content page available
650 ## - SUBJECT ADDED ENTRY--TOPICAL TERM
Topical term or geographic name entry element Food,wine,pairing,:,sensory,experience
942 ## - ADDED ENTRY ELEMENTS (KOHA)
Koha item type Hotel Management Library
Holdings
Date last seen Total checkouts Full call number Accession number Date last checked out Uniform resource identifier Cost, total (INR) price Price effective from Category Lost status Damaged status Department Withdrawn status Home library Current library Shelving location Entry date Vendor Cost, normal purchase price Grants Billnumber Billdate Currency symbol Conversion rate Discount Old discount
26/08/2025 1 641.87 HAR;1 R HM1208 12/08/2025 digital/contents/HM1208.pdf 1252.33 26/01/2024 Hotel Management Library     HEM   Central Library RFID Kiosk HM   Sri Hari pub. 39.95 HM 396 29/06/2010 USD 41.8 9.99 25

© For any Suggestions or Query, please contact the library staff @ librarian@pes.edu or Phone: +9180 2672 1983/ 2108.